<?xml version="1.0" encoding="UTF-8"?>
<collection xmlns="http://www.loc.gov/MARC21/slim">
 <record>
  <leader>00541pamaa2200169   4500</leader>
  <controlfield tag="001">0000002847</controlfield>
  <controlfield tag="005">20060623090000.0</controlfield>
  <datafield tag="020" ind1="0" ind2="0">
   <subfield code="a">0750695145 </subfield>
  </datafield>
  <datafield tag="082" ind1=" " ind2=" ">
   <subfield code="a">617.7523 LOW 1997</subfield>
  </datafield>
  <datafield tag="090" ind1="0" ind2="0">
   <subfield code="a">RE977.C6 </subfield>
   <subfield code="b">LOW 1997</subfield>
  </datafield>
  <datafield tag="100" ind1="1" ind2="0">
   <subfield code="a">LOWTHER </subfield>
  </datafield>
  <datafield tag="245" ind1="1" ind2="0">
   <subfield code="a">Dryness, tears, and contact lens wear : </subfield>
   <subfield code="b">clinical practice in contact lenses  </subfield>
   <subfield code="c">Gerald E. Lowther.</subfield>
  </datafield>
  <datafield tag="260" ind1="0" ind2="0">
   <subfield code="a">Boston: </subfield>
   <subfield code="b">Butterworth Heinemann, </subfield>
   <subfield code="c">1997.</subfield>
  </datafield>
  <datafield tag="300" ind1=" " ind2=" ">
   <subfield code="a">ix, 105p.: </subfield>
   <subfield code="b">ill.; </subfield>
   <subfield code="c">22cm.</subfield>
  </datafield>
  <datafield tag="650" ind1="0" ind2="0">
   <subfield code="a">Contact lenses -- </subfield>
   <subfield code="x">Complications </subfield>
  </datafield>
  <datafield tag="650" ind1="0" ind2="0">
   <subfield code="a">Dry eye syndromes </subfield>
  </datafield>
  <datafield tag="650" ind1="0" ind2="0">
   <subfield code="a">Tears -- </subfield>
   <subfield code="x">Secretion </subfield>
  </datafield>
 </record>
</collection>
